| Tag |
First Indicator |
Second Indicator |
Subfields |
| LEADER |
00000nam a2200000Ia 4500 |
| 001 |
in00004330613 |
| 005 |
20200812091227.0 |
| 006 |
m g d |
| 007 |
cr bn |||a|bb| |
| 008 |
030715s1672 stk o 000 0 eng d |
| 035 |
|
|
|a (OCoLC)52612144
|
| 040 |
|
|
|a EAE
|c EAE
|e dcrb
|
| 037 |
|
|
|a CL0037000121
|b ProQuest Information and Learning. 300 N. Zeeb Rd., Ann Arbor, MI 48106
|
| 043 |
|
|
|a e-uk---
|
| 090 |
|
|
|a D277.5
|b .E5 1672
|
| 049 |
|
|
|a UMIA
|
| 110 |
1 |
|
|a England.
|b Curia Regis.
|
| 245 |
1 |
0 |
|a At the Court at Whitehall, the fifteenth of May, 1672. :
|b Whereas his Majesty did the seventeenth of March past, upon the reading in Council his declaration of war against the States General of the United Provinces of the Low Countries ... propose the observance ... for withdrawing the persons and goods of all Dutch subjects which were found here ...
|
| 246 |
3 |
0 |
|a Whereas his Majesty did the seventeenth of March past, upon the reading in Council his declaration of war against the States General of the United Provinces of the Low Countries ... propose the observance ... for withdrawing the persons and goods of all Dutch subjects which were found here
|
| 260 |
|
|
|a Edinburgh :
|b Re-printed by Evan Tyler, printer to the King's most Excellent Majesty,
|c Anno Dom. 1672.
|
| 300 |
|
|
|a 1 online resource (1 sheet ([1] pages)
|
| 336 |
|
|
|a text
|b txt
|2 rdacontent
|
| 337 |
|
|
|a computer
|b c
|2 rdamedia
|
| 338 |
|
|
|a online resource
|b cr
|2 rdacarrier
|
| 500 |
|
|
|a Title from caption and first lines of text.
|
| 500 |
|
|
|a Royal arms at head of text; initial letter.
|
| 500 |
|
|
|a List of those present follows caption.
|
| 500 |
|
|
|a Signed: Edw. Walker.
|
| 500 |
|
|
|a Reproduction of the original in the National Library of Scotland.
|
| 510 |
4 |
|
|a Wing (2nd edition)
|c E844
|
| 533 |
|
|
|a Electronic reproduction.
|b Ann Arbor, Mich. :
|c UMI,
|d 1999-
|f (Early English books online)
|n Digital version of: (Early English Books, 1641-1700 ; 2788:19)
|7 s1999 miun s
|
| 650 |
|
0 |
|a Dutch War, 1672-1678
|v Early works to 1800.
|
| 651 |
|
0 |
|a Great Britain
|x Politics and government
|y 1660-1688
|v Sources.
|
| 655 |
|
7 |
|a Broadsides
|z Scotland
|y 17th century.
|2 rbgenr
|
| 700 |
1 |
|
|a Walker, Edward,
|c Sir,
|d 1612-1677.
|
| 830 |
|
0 |
|a Early English books online.
|
| 856 |
4 |
0 |
|u http://proxy.library.tamu.edu/login?url=https://search.proquest.com/docview/2240859010
|z Connect to the full text of this electronic book
|t 0
|
| 999 |
f |
f |
|s 923bb175-89c7-3986-964b-934e47ad75f9
|i 9ed83a11-324c-3116-8e56-c6443cdb32b8
|t 0
|
| 952 |
f |
f |
|a Texas A&M University
|b College Station
|c Electronic Resources
|d Available Online
|t 0
|e D277.5 .E5 1672
|h Library of Congress classification
|
| 998 |
f |
f |
|a D277.5 .E5 1672
|t 0
|l Available Online
|